| 000 | 00766nam a22001577a 4500 | ||
|---|---|---|---|
| 003 | OSt | ||
| 005 | 20150918092739.0 | ||
| 008 | 150918b xxu||||| |||| 00| 0 eng d | ||
| 040 | _cRUA | ||
| 082 | _aAGR KOU 2004 B030 Or.1 | ||
| 100 |
_9725 _aKOUCHCHOU, CHANBONAK. |
||
| 245 | _astudy on effect of difference planting methods on yield of modern rice variety in irrigated condition (សិក្សាអំពីឥទ្ធិពលនៃវិធីសាស្រ្តដំាដុះផ្សេងៗគ្នាសំរាប់ស្រូវពូជទំនើបទៅលើទិន្នផលក្នុងលក្ខខ័ណ្ឌស្រោចស្រព) | ||
| 260 |
_aPhnom Penh _bRUA _c2004 |
||
| 300 |
_a67p. _bill. _c29cm. |
||
| 942 |
_2ddc _cAGR |
||
| 999 |
_c698 _d698 |
||